000 00292nam a22001337a 4500
008 180814b xxu||||| |||| 00| 0 eng d
041 _aeng
080 _a159.9
082 _a159.9
100 _a48
101 _aPSI
245 _aManual of child psychology
_cCarmichael.L
942 _2udc
_cBK
999 _c47142
_d47142